LDR 01151nam a2200205 4500 001 000000367108 003 CaOOAMICUS 005 20260413162939.0 008 260402s it 000 u ita r 040 $aSeMil$bita 100 1 $aPazzi, Maria Maddalena : de'$b
.$0(OLS)http://semarc/name/124059 245 10$aTutte le opere di santa Maria Maddalena de' Pazzi : $bdai manoscritti originali . 264 1$aFirenze :$bCentro Internazionale del Libro,$c1960-1966. 300 $a7 v. ;$c21 cm 650 4$aMaria Maddalena : de' Pazzi
- Opere.$0(OLS)http://semarc/subject/59904 774 0 $aPazzi, Maria Maddalena : de'
$t1:I quaranta giorni.$dFirenze : Centro Internazionale del Libro, 1960.$w()367109 774 0 $aPazzi, Maria Maddalena : de'
$t2: I colloqui.$dFirenze : Centro Internazionale del Libro, 1961.$w()367110 996 $6245$aTutte le opere di santa Maria Maddalena de' Pazzi : $bdai manoscritti originali $9(OLS)http://semarc/title/458965 996 $6264$aFirenze :$bCentro Internazionale del Libro$9(OLS)http://semarc/publisher/46471